000 00410nam a2200145Ia 4500
008 220204s9999 xx 000 0 und d
082 _a581.1
_bAGR.4
245 0 _aAgro's annual review of plant physiology (Basic and applied). V 4. 1998-99
260 _aJodhpur
_bAgrobios
_c1999
650 _aSeed germination
650 _aStress proteins
650 _aWater stress
700 _aPurohit, S S
942 _cBK
999 _c41685
_d41685